000 00365nam a2200157Ia 4500
008 230524s9999 xx 000 0 und d
082 _a530.15
_bNAI
100 _aPrahallad Ch.Naik
245 0 _aMathematical Physics
250 _a1ST
260 _aCUTTACK
_bKalyani
_c1997
300 _a340
500 _aQuantity Number: 2
650 _aPhysics
942 _cBK
999 _c16031
_d16031